Plastický obraz z obsahu výročnej správy o činnosti Sociálnej poisťovne v roku 1997

Výročná správa Sociálnej poisťovne (SP) za rok 1997 bola zameraná na hodnotenie činnosti samosprávnych a výkonných orgánov SP. Vyhodnotenie ďalších činností ako: dôchodkové zabezpečenie, nemocenské poistenie, zdravotnícke činnosti (dlhodobá lekárska posudková činnosť, krátkodobá lekárska posudková č...

Ausführliche Beschreibung

Gespeichert in:
Bibliographische Detailangaben
Format: Buchkapitel
Sprache:Slowakisch
Schlagworte:
Tags: Tag hinzufügen
Keine Tags, Fügen Sie das erste Tag hinzu!

MARC

LEADER 00000naa a2200000 4500
001 r032865
005 20230922130950.8
041 0 |a slo 
044 |a SK 
245 1 0 |a Plastický obraz  |b z obsahu výročnej správy o činnosti Sociálnej poisťovne v roku 1997 
520 |a Výročná správa Sociálnej poisťovne (SP) za rok 1997 bola zameraná na hodnotenie činnosti samosprávnych a výkonných orgánov SP. Vyhodnotenie ďalších činností ako: dôchodkové zabezpečenie, nemocenské poistenie, zdravotnícke činnosti (dlhodobá lekárska posudková činnosť, krátkodobá lekárska posudková činnosť, kúpeľná starostlivosť), hospodárenie, výdavky. 
610 2 0 |a Sociálna poisťovňa, a.s. Bratislava 
610 2 0 |a poistenie sociálne 
610 2 0 |a správy výročné 
610 2 0 |a 1997 
610 2 0 |a zabezpečenie dôchodkové 
610 2 0 |a poistenie nemocenské 
610 2 0 |a zdravotníctvo 
610 2 0 |a hospodárenie finančné 
610 2 0 |a výdavky 
610 2 0 |a Slovensko